| 000 | 02017cam0 2200337 ib4500 | ||
|---|---|---|---|
| 001 | BY-MI0004-br48707 | ||
| 005 | 20260319112037.0 | ||
| 035 | ^a(BY-MI0004)BY-MI0004-br48707 | ||
| 100 | ^a20250805d1978 a y0rusy50 ca | ||
| 101 | 0 | ^arus | |
| 102 | ^aRU | ||
| 105 | ^aa z 000ay | ||
| 109 | ^ama | ||
| 200 | 1 |
^aБезумная Евдокия ^eповести и рассказы ^fАнатолий Алексин |
|
| 210 |
^aМосква ^cДетская литература ^d1978 |
||
| 215 |
^a447 с. ^cил. |
||
| 225 | 1 | ^aБиблиотечная серия | |
| 327 | 1 | ^aСодержание: повести: "Безумная Евдокия" ; А тем временем где-то... ; Третий в пятом ряду ; Повесть Алика Деткина ; Мой брат играет на кларнете ; Действующие лица и исполнители ; Поздний ребенок ; Звоните и приезжайте ; Хор и дирижер ; рассказы: Актриса ; Два почерка ; Неправда ; Я ничего не сказал... ; Бабочка ; Ночь перед свадьбой ; Домашнее сочинение | |
| 345 | ^9100000 экз. | ||
| 464 | 0 |
^12001 ^aТретий в пятом ряду |
|
| 464 | 0 |
^12001 ^a"Безумная Евдокия" |
|
| 608 |
^3BY-NLB-ar23936 ^aПОВЕСТЬ ^2BYGNR |
||
| 608 |
^3BY-NLB-ar2707985 ^aВОЕННАЯ ПРОЗА (лит. произведение) ^2BYGNR |
||
| 608 |
^3BY-NLB-ar9019 ^aДЕТСКАЯ И ЮНОШЕСКАЯ ЛИТЕРАТУРА (художеств. произведение) ^2BYGNR |
||
| 686 |
^a84(2Рос)6 ^2rubbk |
||
| 690 |
^a1 ^2Base ^9BY-MI0004 ^xRSEK |
||
| 700 | 1 |
^3BY-NLB-ar327111 ^aАлексин ^bА. Г. ^gАнатолий Георгиевич ^cписатель ^f1924-2017 |
|
| 801 | 0 |
^aBY ^bBY-MI0004 ^c20250805 ^gRCR |
|
| 899 |
^aBY-MI0004 ^h84(2Рос)6 ^iА 48 |
||